000 01190njm a22002537a 4500
005 20100908150643.0
006 a|||||r|||||00| 0
007 sd ammalaaahaa
008 100907t xxu||||| |||| 00| 0 eng d
028 _aN 545680
_bHis Master's Voice
035 _aGR-01314
100 _aAsha Bhosle
_918693
245 _aGeet gaya pathro ne /
_cby Asha Bhosle; music by Ram Lal; lyrics by Hasrat Jaipuri
_h[Sound recording]
246 _aजाने वाले वो मेरे प्यार / आशा भोंसले द्वारा
260 _aDum Dum, India
_bHis Master's Voice
300 _a1 sound disc [Gramophone Recording]
_banalog, 33 1/3rpm ;
_c9.5 in. (MP)
_fGramaphone Records
500 _aBrief record
505 _aSide-1 जाने वाले वो मेरे प्यार (Jane wale wo mere pyar) (Asha Bhosle) --Side-2 मंडवे तले गरीब के (Mandwe tale gareeb ke) (C.H.Atma)
650 _aClassical music
_xExcerpts
_zIndia
_918694
700 _aRamlal
_918695
700 _aHasrat Jaipuri
_918716
942 _2ddc
_cGR
999 _c44570
_d44570